[Event "Provincial-ch Xixona Preferente"]
[Site "Xixona"]
[Date "2012.11.10"]
[Round "5"]
[White "Perez Roses, Antonio"]
[Black "Cazorla Tortosa, Jesus"]
[Result "0-1"]
[WhiteElo "1850"]
[BlackElo "1782"]
[PlyCount "34"]
[EventDate "2012.10.06"]
[EventType "swiss"]
[EventRounds "7"]
[EventCountry "ESP"]
[SourceTitle "EXT 2024"]
[Source "ChessBase"]
[SourceDate "2023.10.10"]
[SourceVersion "1"]
[SourceVersionDate "2023.10.10"]
[SourceQuality "1"]

1. e4 e5 2. f4 exf4 3. Nf3 Be7 4. Bc4 Bh4+ 5. Kf1 d6 6. d4 Be6 7. Qe2 Nd7 8. Bxf4 Bxc4 9. Qxc4 g5 10. Bxd6 cxd6 11. g3 Qf6 12. Kg2 g4 13. Nxh4 Qe6 14. Nd2 Ne7 15. Qxe6 fxe6 16. Raf1 d5 17. Rf6 Nxf6 0-1

[Event "Provincial-ch Elche Preferente"]
[Site "Valencia"]
[Date "2011.11.26"]
[Round "7"]
[White "Cazorla Tortosa, Jesus"]
[Black "Sanchez Trives, Cayetano A"]
[Result "0-1"]
[WhiteElo "1752"]
[BlackElo "1907"]
[PlyCount "92"]
[EventDate "2011.10.01"]
[EventType "swiss"]
[EventRounds "7"]
[EventCountry "ESP"]
[SourceTitle "EXT 2024"]
[Source "ChessBase"]
[SourceDate "2023.10.10"]
[SourceVersion "1"]
[SourceVersionDate "2023.10.10"]
[SourceQuality "1"]

1. c4 Nf6 2. Nc3 g6 3. Nf3 Bg7 4. g3 0-0 5. Bg2 c5 6. 0-0 Nc6 7. a3 d6 8. Rb1 Bf5 9. d3 Qc8 10. b4 cxb4 11. axb4 Bh3 12. b5 Bxg2 13. Kxg2 Nb8 14. Qb3 Nbd7 15. Be3 b6 16. Nd4 Ng4 17. Nc6 Qb7 18. Nd5 Rfe8 19. Bd2 e6 20. Ndb4 Nc5 21. Qc2 a5 22. bxa6 Nxa6 23. f3 Nxb4 24. Nxb4 Bd4 25. h3 Ne3+ 26. Bxe3 Bxe3 27. Qb2 Bh6 28. Nc2 Reb8 29. Qd4 Ra2 30. Qc3 Rba8 31. Kf2 Qa7 32. Rfe1 b5+ 33. e3 bxc4 34. Qxc4 d5 35. Qc6 Qa5 36. Re2 Bf8 37. Rb7 Qd8 38. f4 Rc8 39. Qb5 Raxc2 40. Rxc2 Rxc2+ 41. Kf3 Qc8 42. Rb8 Qc6 43. Qb4 d4+ 44. e4 Qc5 45. Qa4 Qh5+ 46. g4 Qxh3# 0-1